Nhập môn thiết kế trang Web và Email căn bản cho người mới bắt đầu /

Saved in:
Bibliographic Details
Main Author: Wide Group
Format: Book
Language:Vietnamese
Published: TN 2001
Tags: Add Tag
No Tags, Be the first to tag this record!
Institutions: Mạng thư viện Đại học Đà Nẵng
LEADER 00673nam a2200265 4500
001 000028493
003 WID1
005 20150403120000.0
008 150403s vm 000 vie
020 |c 0,0000 
040 |a notts 
100 |a Wide Group 
245 |a Nhập môn thiết kế trang Web và Email căn bản cho người mới bắt đầu /  |c Wide Group, Nguyễn Xuân Phong. 
260 |b TN  |c 2001 
OWN |a LTT 
999 |a From the UDN01 
TYP |a Monograph 
TYP |a Printed language 
980 |a Mạng thư viện Đại học Đà Nẵng